000 00643cam a22002173a 4500
001 45782
003 PGUSA
005 20140828084049.0
008 140527s2014||||xxu|||||s|||||000 | eng d
040 _aPGUSA
_beng
042 _adc
100 1 _aNicholson, Meredith,
_d1866-1947
245 1 4 _aThe Little Brown Jug at Kildare
_h[electronic resource] /
_cMeredith Nicholson
260 _bProject Gutenberg,
_c2014
506 _aPublic domain in the USA.
516 _aElectronic text
700 1 _aFlagg, James Montgomery,
_d1877-1960
830 0 _aProject Gutenberg
_v45782
856 4 0 _uhttp://www.gutenberg.org/ebooks/45782
942 _cEB
999 _c275032
_d275032